00361nam a2200121Ia 450000100060000000800410000604000130004708200150006024501000007526000460017530000110022154600070023224815140411s9999 xx 000 0 und d cPK-LaUMT a 220bOLD- 4aThe Old Testament:btranslated out of the original tongues and with the former translations dil aOxford,USA:bOxford University Press,cNA a833 p. aEN